Murdering Stepmothers : (Record no. 195377)

MARC details
000 -LEADER
fixed length control field 00546nam a22001937a 4500
005 - DATE AND TIME OF LATEST TRANSACTION
control field 20230324110033.0
010 ## - LCCN (DPL NO)
LC control number ENG-136482
020 ## - INTERNATIONAL STANDARD BOOK NUMBER
International Standard Book Number 9781921401459
Terms of availability 2111.00
035 ## - SYSTEM CONTROL NUMBER
System control number EN-120014
037 ## - SOURCE OF ACQUISITION
Source of stock number/acquisition DBAD/PUB
082 ## - DEWEY DECIMAL CLASSIFICATION NUMBER
Classification number N
100 ## - MAIN ENTRY--PERSONAL NAME
Personal name Haebich,Anna
245 ## - TITLE STATEMENT
Title Murdering Stepmothers :
Statement of responsibility, etc By Anna Haebich
Remainder of title The Excution Of Martha Rendell /
250 ## - EDITION STATEMENT
Edition statement First
260 ## - PUBLICATION, DISTRIBUTION, ETC. (IMPRINT)
Name of publisher, distributor, etc University Of Western Australia
Place of publication, distribution, etc Australia
Date of publication, distribution, etc 2010
270 ## - ADDRESS
City Australia
Postal code 6009
Address Crawley, Western
300 ## - PHYSICAL DESCRIPTION
Extent 217p.
Dimensions 20cm(pbk)
942 ## - ADDED ENTRY ELEMENTS (KOHA)
Source of classification or shelving scheme Dewey Decimal Classification
Item type English Books
Classification part N
Call number suffix ANN
Holdings
Withdrawn status Lost status Not for loan Collection code Home library Current library Date acquired Source of acquisition Cost, normal purchase price Full call number Barcode Copy number Koha item type
      Fiction Shahdara Branch Shahdara Branch 24/03/2023 DBAD/PUB 2111.00 N ANN EN-120014 1 English Books

© Delhi Public Library
Hit Counter
free hit counter